1551 1579 1083 1652 1977 1722 1852 1748 1757 1735 1752 1763 1066 1913 1061 1689 1086 1975 1898 1637 1961 1788 1532 1642 1829 1716 1631 1562 1250 1790 1134 1926 1747 1391 1526 1518 1386 1298 1842 1207 1318 1251 1401 1646 1289 1964 1914 1645 1789 1303 1064 1802 1127 1369 1040 1639 1499 1306 1704 1552 1387 1417 1405 1960 1098 1508 1084 1613 1409 1180 1558 1808 1710 1957 1066 1407 1023 1754 1886 1622 1977 1146 1440 1272 1741 1299 1271 1354 1222 1395 1819 1743 1626 1271 1209 1495 1023 1246 1400 BCNSPRNW ULIB Ver.6.0+V

เปลี่ยนเป็นภาษาไทย

Change to English
 แสดงรายละเอียดบรรณานุกรม
  กลับหน้าหลัก

Brief Record : Get Marc (ISO 2709) : E-mail record : QR code < ปิดหน้าต่าง
LEADER : 00000nam 2200000uu 4500
001    13399126012
003     ULIB
008    180427s2559||||th 000 0 tha d
020    ^a9786160027361
050    ^aนว^bค472ว
100  0  ^aคีตา.
245  1  ^aวายุหงสา /^cคีตา.
250    ^aพิมพ์ครั้งที่ 1.
260    ^aกรุงเทพฯ :^bPrincess,^c2559.
300    ^a431 หน้า ;^c21 ซม.
490  1  ^aชุดจอมใจพยัคฆ์
830    0 ^aชุดจอมใจพยัคฆ์.
850    ^aมบ.
945    ^p300^l0^i003426
999    ^aประนอม เกษจรัล
รายการนี้ยังไม่มีแท็ก
คุณยังไม่ได้ล็อกอิน คุณสามารถมีกิจกรรมร่วมกับเว็บไซต์ได้ แต่ต้องล็อกอินก่อน ::
  ล็อกอิน

รายการสื่อสารสนเทศ

ลำดับที่ ประเภท เลขเรียก/บาร์โค้ด สถานที่ สถานะ
1. นวนิยาย
นวนิยาย
นว ค472ว ฉ.1 
  Barcode: 003426
ห้องสมุดวิทยาเขตนครสวรรค์
►นวนิยาย:l:Fiction
บนชั้น

BibComment


ยังไม่เคยถูกคอมเมนท์

คอมเมนท์ทรัพยากรรายการนี้
  คอมเมนท์: วายุหงสา คีตา


 Copyright 2026. Bcnsprnw @Library